| 000 | 00743nam a2200229 a 4500 | ||
|---|---|---|---|
| 001 | 10955 | ||
| 003 | BD-RjUL | ||
| 005 | 20211208235038.0 | ||
| 008 | 500101s1948 in b 001 0 eng d | ||
| 035 | _a(BD-RjUL)11004 | ||
| 040 |
_aDLC _cRBN _dEQO _dBD-RjUL _beng |
||
| 041 | _aeng | ||
| 082 |
_a305.56880954 _223 _bAMU |
||
| 100 | 1 |
_aAmbedkar, B. R. _q(Bhimrao Ramji), _d1891-1956. _9228907 |
|
| 245 | 0 | 4 |
_aThe untouchables: _bwho were they? and why they became untouchables / _cBy B. R. Ambedkar |
| 260 |
_aNew Delhi : _bAmrit Book Co, _c1948 |
||
| 300 |
_aviii, 158 p. ; _c27 cm |
||
| 500 | _aSequel to Who were the Shudras? | ||
| 504 | _aIncludes Bibliographical footnotes and indes | ||
| 650 | 0 |
_aDalits _zIndia _9228908 |
|
| 942 |
_2ddc _cRAR |
||
| 999 |
_c10955 _d10955 |
||